Space navigation, guidance and space control /

Bibliographic Details
Corporate Author: North Atlantic Treaty Organization. Advisory Group for Aerospace Research and Development
Other Authors: Miller, John Edwin, 1925-
Format: Book
Language:English
Published: Maidenhead (Berks.) : Technivision, 1966.
Series:AGARDograph ; no. 105.
Subjects:

MARC

Tag First Indicator Second Indicator Subfields
LEADER 00000cam a22000001 4500
001 in00000099057
005 20150926125558.0
008 740625s1966 enka b 00000 eng
010 |a  66028575  
015 |a B66-22160 
035 |a (OCoLC)00912712 
035 |9 AAL3739AM 
040 |a DLC  |c DLC  |d TXA  |d UtOrBLW 
049 |a TXAM  |c [480013] 
050 0 0 |a TL500  |b .N6 no. 105 
082 0 |a 629.45/3 
110 2 |a North Atlantic Treaty Organization.  |b Advisory Group for Aerospace Research and Development. 
245 1 0 |a Space navigation, guidance and space control /  |c [compiled by] J. E. Miller. 
264 1 |a Maidenhead (Berks.) :  |b Technivision,  |c 1966. 
300 |a x, 373 pages :  |b illustrations, tables, diagrams ;  |c 26 cm. 
336 |a text  |b txt  |2 rdacontent 
337 |a unmediated  |b n  |2 rdamedia 
338 |a volume  |b nc  |2 rdacarrier 
490 1 |a AGARDograph ;  |v 105 
504 |a Includes bibliographies. 
650 0 |a Navigation (Astronautics) 
650 0 |a Space vehicles  |x Guidance systems. 
650 0 |a Space vehicles  |x Control systems. 
610 2 0 |a Project Apollo (U.S.) 
700 1 |a Miller, John Edwin,  |d 1925- 
830 0 |a AGARDograph ;  |v no. 105. 
999 |a MARS 
999 f f |s abf9d3e4-5b62-355f-963b-b9e0c789284c  |i ea262b5c-ad03-3be7-8313-19ef1fbc6566  |t 0 
952 f f |p ric  |a Texas A&M University  |b Rellis Campus  |c Joint Library Facility  |d Remote Storage  |t 0  |e TL500 .N6 no. 105  |h Library of Congress classification  |i unmediated -- volume  |m A14805529438 
998 f f |a TL500 .N6 no. 105  |t 0  |l Remote Storage